| 000 | 01103nam a2200289 a 4500 | ||
|---|---|---|---|
| 001 | 000031487 | ||
| 003 | DO-SdBNP | ||
| 005 | 20230208110746.0 | ||
| 007 | ta | ||
| 008 | 110627s2019 dr 000 spa d | ||
| 020 | _a9789945613162 | ||
| 040 |
_aDO-SdBNP _bspa _cBNPHU |
||
| 082 | 4 |
_a972.93052 _bL579d _222 |
|
| 100 | 1 |
_aLeón Olivares, Isabel de _980519 |
|
| 245 | 1 | 0 |
_aDefender la nación : _bintelectuales dominicanos frentea la primera intervención estadounidensem 1916-1924 / _cIsabel de León Olivares |
| 260 |
_aSanto Domingo : _bArchivo General de la Nación, _c2019. |
||
| 300 |
_a307 p. ; _c23 cm. |
||
| 490 | 0 |
_aArchivo General de la Nación _v356 |
|
| 500 | _aIncluye datos biográficos de la autora en las solapas | ||
| 500 | _aIncluye referencias bibliográficas y notas al pie de las páginas | ||
| 500 | _aIncluye índice | ||
| 504 | _aBibliografía : p. 255-271 | ||
| 590 | _aInventariado, 2021/BT | ||
| 651 | 4 |
_aRepública Dominicana _xHistoria _yOcupación estadounidense, 1916-1924 _979484 |
|
| 910 | _aBtavárez /Validado. Control de calidad MFF | ||
| 942 |
_2ddc _cLBS1 |
||
| 999 |
_c30979 _d30979 |
||